[Event "Druzynowe Mistrzostwa Polski Juniorow 2018 - II Liga"]
[Site "Szczyrk"]
[Date "1899-12-30"]
[Round "7.79"]
[White "Krupinski, Mikolaj"]
[Black "Grzegorski, Michal"]
[Result "0-1"]
[WhiteTitle "II"]
[BlackTitle "II"]
[WhiteElo "1531"]
[BlackElo "1416"]

1. e4 c5 2. Nf3 d6 3. d4 cxd4 4. Nxd4 Nf6 5. Nc3 a6 6. Nb3 b5 7. Bg5 e6 8. a4 b4
9. Na2 Nc6 10. Nd4 Qc7 11. Bxf6 gxf6 12. Rc1 Bh6 13. Rb1 Bb7 14. c3 bxc3 15. Nxc3
Nxd4 16. Qxd4 Ke7 17. Bc4 Rac8 18. Ba2 Rhg8 19. O-O Bf4 20. Ne2 Be5 21. Qe3 Qc6
22. f3 Qxa4 23. Bb3 Qb4 24. Rfc1 Rxc1+ 25. Rxc1 Rc8 26. Rb1 Qc5 27. Kf2 d5 28.
exd5 Bxd5 29. Bxd5 Qxe3+ 30. Kxe3 exd5 31. Rd1 Ke6 32. Ra1 Ra8 33. Ra2 a5 34.
f4 Bc7 35. Nd4+ Kd7 36. b4 Re8+ 37. Kf3 axb4 38. Rb2 Rb8 39. Rb3 Bd6 40. Ke3 Ra8
41. g3 Ra3 42. Kd3 Bc5 43. Rxa3 bxa3 44. Nb3 Bg1 45. f5 Bxh2 46. g4 Be5 47. Nc1
Bb2 48. Na2 Kd6 49. Nb4 Ke5 50. Ke3 d4+ 51. Kf3 Kd6 52. Ke4 Kc5 53. Na2 Kc4 54.
g5 Kb3 55. gxf6 Kxa2 56. Ke5 d3+ 57. Kd6 d2 58. Ke7 Qd1 0-1

[Event "Druzynowe Mistrzostwa Polski Juniorow 2018 - II Liga"]
[Site "Szczyrk"]
[Date "1899-12-30"]
[Round "7.80"]
[White "Jedraszek, Pawel"]
[Black "Owoc, Jakub"]
[Result "1-0"]
[WhiteTitle "I"]
[BlackTitle "II"]
[WhiteElo "1507"]
[BlackElo "1511"]

1. e4 g6 2. d4 Bg7 3. c4 d6 4. Nc3 Nf6 5. f4 Bg4 6. Nf3 Nbd7 7. Be2 c5 8. d5 O-O
9. h3 Bxf3 10. Bxf3 Nb6 11. Qe2 e6 12. O-O Re8 13. Qd3 Qe7 14. e5 dxe5 15. d6
Qf8 16. fxe5 Nfd7 17. Nb5 Nxe5 18. Qb3 Nxf3+ 19. Qxf3 Rab8 20. Bg5 f6 21. Qe2
e5 22. Be3 Nd7 23. Rad1 Re6 24. Qf3 e4 25. Qg3 f5 26. Nc7 Rf6 27. Nd5 Rf7 28.
Bg5 Be5 29. Ne7+ Kh8 30. Qh4 Qg7 31. Bh6 Qf6 32. Bg5 Qe6 33. Rd5 Bxd6 34. Nxg6+
Qxg6 35. Rfd1 Be5 36. Rxd7 Bd4+ 37. R1xd4 cxd4 38. Rxf7 Qxf7 39. Bf6+ Kg8 40.
Qg3+ Qg6 41. Qxb8+ Kf7 42. Bxd4 Qc6 43. Qe5 Qxc4 44. Qxf5+ Ke8 45. Qxe4+ Kd7 46.
Qxh7+ Kc6 47. Qe4+ Kd7 48. Qg4+ Ke8 49. Qg6+ Kd7 50. Qf5+ Ke8 51. Qe4+ Kd7 52.
h4 Qc1+ 53. Kh2 Qc7+ 54. Be5 Qb6 55. Qd5+ Ke8 56. Bd6 Qe3 57. Qe5+ Qxe5+ 58. Bxe5
Kf7 59. g4 Ke6 60. Bb8 a6 61. Kg3 b5 62. h5 Kf6 63. Kf4 Kf7 64. Kf5 Kg7 65. g5
Kf7 66. h6 Kf8 67. g6 Kg8 68. Kf6 Kf8 69. g7+ Ke8 70. Qg8+ Kd7 71. Qe6+ Kd8 72.
Qe7+ Kc8 73. Qc7# 1-0

[Event "Druzynowe Mistrzostwa Polski Juniorow 2018 - II Liga"]
[Site "Szczyrk"]
[Date "1899-12-30"]
[Round "7.81"]
[White "Wiszniewski, Szymon"]
[Black "Rosinski, Filip"]
[Result "1/2-1/2"]
[WhiteTitle "II"]
[BlackTitle "II"]
[WhiteElo "1257"]
[BlackElo "1345"]

1. e4 c5 2. Nf3 d6 3. d4 cxd4 4. Nxd4 Nf6 5. Nc3 a6 6. Be3 e5 7. Nb3 Be6 8. f3
Nbd7 9. Qd2 Be7 10. O-O-O O-O 11. g4 b5 12. g5 b4 13. gxf6 bxc3 14. Qxc3 Nxf6
15. Na5 Qd7 16. Nc6 Rfc8 17. Nxe7+ Qxe7 18. Qa3 Qc7 19. c3 d5 20. Bd3 d4 21. Bd2
Nd7 22. Kb1 dxc3 23. Bxc3 Rab8 24. Ba5 Qb7 25. Rc1 Nc5 26. Bc4 Bxc4 27. Rxc4 Qb5
28. Rhc1 Rc6 29. Rxc5 Rxc5 30. Rxc5 Qf1+ 31. Rc1 Qe2 32. Qc3 h6 33. Qxe5 Qd3+
34. Ka1 Rb5 35. Rc8+ Kh7 36. Qc3 Qf1+ 37. Qe1 Qg2 38. Bc3 Rg5 39. a3 Qxh2 40.
Qd2 Qh1+ 41. Ka2 Qxf3 42. e5 Rg2 43. Qd8 h5 44. Rb8 Qxc3 45. Qh8+ Kg6 46. Rb6+
f6 47. Rxf6+ gxf6 48. Qxf6+ Kh7 49. Qf7+ Kh6 50. Qf6+ Kh7 51. Qf7+ Kh6 52. Qf4+
Kg7 53. Qf6+ Kg8 54. Qd8+ Kf7 55. Qg8+ Kxg8 1/2-1/2

[Event "Druzynowe Mistrzostwa Polski Juniorow 2018 - II Liga"]
[Site "Szczyrk"]
[Date "1899-12-30"]
[Round "7.82"]
[White "Wawrzyniak, Karol"]
[Black "Bar, Klaudia"]
[Result "1-0"]
[WhiteTitle "II"]
[BlackTitle "I"]
[WhiteElo "1222"]
[BlackElo "1478"]

1. e4 c5 2. Nf3 Nc6 3. d4 cxd4 4. Nxd4 g6 5. Nc3 Bg7 6. Be3 Nf6 7. f3 O-O 8. Qd2
d5 9. O-O-O Nxd4 10. Bxd4 dxe4 11. fxe4 Bg4 12. Be2 Bxe2 13. Qxe2 Qa5 14. Kb1
Rfb8 15. Qb5 Qxb5 16. Nxb5 Rd8 17. Bxf6 Rxd1+ 18. Rxd1 Bxf6 19. h3 e6 20. Rd7
a6 21. Nd6 b5 22. Nxf7 Bg7 23. Rd8+ Rxd8 24. Nxd8 e5 25. Ne6 a5 26. Nxg7 Kxg7
27. Kc1 Kf6 28. Kd2 Ke6 29. a3 Kd6 30. b3 Kc5 31. Kc3 b4+ 32. axb4+ axb4+ 33.
Kd3 g5 34. g4 h6 35. c3 Kb5 36. cxb4 Kxb4 37. Kc2 Kb5 38. Kc3 Kc5 39. b4+ Kb5
40. Kb3 Kb6 41. Kc4 Kc6 42. b5+ Kb6 43. Kd5 Kxb5 44. Kxe5 Kc5 45. Kf6 Kd6 46.
e5+ Kd7 47. Kf7 Kd8 48. e6 Kc7 49. e7 Kc6 50. Qe8+ Kd5 51. Qb5+ Kd4 52. Kf6 Ke4
53. Qf5+ Kd4 54. Qe5+ Kc4 55. Qd6 Kc3 56. Qd5 Kb4 57. Qc6 Kb3 58. Qc5 Kb2 59.
Qc4 Kb1 60. Qe2 Ka1 61. Ke5 Kb1 62. Kd4 Ka1 63. Kc3 Kb1 64. Qb2# 1-0

[Event "Druzynowe Mistrzostwa Polski Juniorow 2018 - II Liga"]
[Site "Szczyrk"]
[Date "1899-12-30"]
[Round "7.83"]
[White "Pawlak, Emilia"]
[Black "Piotrowska, Florentyna"]
[Result "1/2-1/2"]
[WhiteTitle "I"]
[BlackTitle "I"]
[WhiteElo "1415"]
[BlackElo "1259"]

1. e4 e5 2. Nf3 Nc6 3. Bc4 Nf6 4. d3 Bc5 5. O-O d6 6. Bb3 Be6 7. c3 Bb6 8. Nbd2
O-O 9. Bc2 h6 10. h3 Re8 11. Re1 Ne7 12. Nf1 Ng6 13. d4 c6 14. Ng3 Bc7 15. b3
Qe7 16. Bb2 Rad8 17. c4 Bc8 18. d5 Ba5 19. Nd2 Nf4 20. a3 Bxd2 21. Qxd2 N6h5 22.
Qe3 a6 23. Bd1 Nxg3 24. Qxg3 Qf6 25. Bc3 Qg6 26. Qxg6 Nxg6 27. Ba5 Rd7 28. Bg4
Rde7 29. dxc6 Bxg4 30. hxg4 bxc6 31. Red1 Rd7 32. Rd2 c5 33. Rad1 Rb8 34. b4 Rc8
35. Rc2 Nf4 36. bxc5 Rxc5 37. Bb4 Rc6 38. g3 Ne6 39. Kf1 Nd4 40. Rc3 Kh7 41. f4
f6 42. c5 dxc5 43. Rxc5 Rxc5 44. Bxc5 Rd8 45. Bxd4 Kg6 46. Ke2 exd4 47. Kd3 h5
48. gxh5+ Kxh5 49. e5 Kg4 50. e6 Kxg3 51. e7 Re8 52. Re1 Kxf4 53. Kxd4 g5 54.
Kd5 Kf5 55. Kd6 Kg6 56. Ke6 f5 57. Rd1 Rb8 58. Rd8 Rb6+ 59. Rd6 Rb8 60. Rxa6 g4
61. Ke5+ Kf7 1/2-1/2

[Event "Druzynowe Mistrzostwa Polski Juniorow 2018 - II Liga"]
[Site "Szczyrk"]
[Date "1899-12-30"]
[Round "7.84"]
[White "Jedrzejewska, Zuzanna"]
[Black "Szopa, Emilia"]
[Result "1-0"]
[WhiteTitle "I"]
[BlackTitle "I"]
[WhiteElo "1242"]
[BlackElo "1422"]

1. e4 e5 2. Nf3 Nc6 3. Bb5 a6 4. Ba4 Nf6 5. O-O b5 6. Bb3 Bc5 7. Re1 O-O 8. c3
Bb6 9. d4 d6 10. h3 exd4 11. cxd4 d5 12. Bg5 h6 13. Bxf6 Qxf6 14. Bxd5 Bb7 15.
Nc3 Rab8 16. Bxc6 Bxc6 17. d5 Bd7 18. Qc2 Bxh3 19. e5 Qf5 20. Qxf5 Bxf5 21. a3
Rbe8 22. b4 f6 23. e6 Re7 24. a4 a5 25. Nxb5 axb4 26. Nh4 Bh7 27. a5 Bc5 28. Rec1
Bd6 29. Nxd6 cxd6 30. Rc6 b3 31. Rb6 g5 32. Nf3 Be4 33. Rd1 Bc2 34. Rd2 Ra8 35.
Nd4 Rc8 36. Nxb3 Bxb3 37. Rxb3 Ra7 38. Ra3 Rcc7 39. a6 h5 40. Rb2 Ra8 41. Rb6
Kf8 42. Rxd6 f5 43. Rb3 g4 44. Rb7 Rxb7 45. axb7 Rb8 46. Rb6 Ke7 47. g3 Kf6 48.
Kg2 Ke7 49. f3 Kf6 50. fxg4 fxg4 51. Kf2 Ke7 52. Ke3 Kf6 53. Kf4 Ke7 54. Kg5 Kf8
55. d6 Ke8 1-0

[Event "Druzynowe Mistrzostwa Polski Juniorow 2018 - II Liga"]
[Site "Szczyrk"]
[Date "1899-12-30"]
[Round "7.85"]
[White "Grochol, Kamil"]
[Black "Marczak, Szymon"]
[Result "1/2-1/2"]
[WhiteTitle "I"]
[BlackTitle "I+"]
[WhiteElo "1726"]
[BlackElo "1954"]

1. e4 Nc6 2. d4 d5 3. exd5 Qxd5 4. Nf3 Bg4 5. Be2 O-O-O 6. c3 e5 7. Be3 exd4 8.
cxd4 Bb4+ 9. Nc3 Qa5 10. O-O Bxc3 11. bxc3 Qxc3 12. Rc1 Qa3 13. Rxc6 bxc6 14.
Ne5 Be6 15. Qc2 Rd6 16. Rb1 Ne7 17. d5 Bf5 18. Qb3 Qxb3 19. Ba6+ Kd8 20. Rxb3
Rf8 21. Rb8+ Bc8 22. Nxc6+ Kd7 23. Ne5+ Kd8 24. Nc6+ Kd7 25. Ne5+ Kd8 26. Nc6+
Kd7 27. Ne5+ Kd8 28. Nc6+ Kd7 1/2-1/2

[Event "Druzynowe Mistrzostwa Polski Juniorow 2018 - II Liga"]
[Site "Szczyrk"]
[Date "1899-12-30"]
[Round "7.86"]
[White "Franek, Krzysztof"]
[Black "Oles, Martin"]
[Result "0-1"]
[WhiteTitle "III"]
[BlackTitle "II+"]
[WhiteElo "1156"]
[BlackElo "1488"]

1. d4 Nf6 2. Nf3 g6 3. Bf4 Bg7 4. e3 O-O 5. h3 d6 6. Bd3 Nbd7 7. Nbd2 b6 8. O-O
Bb7 9. c3 e6 10. Re1 Qe7 11. e4 e5 12. Bh2 Nh5 13. Nc4 Nf4 14. Bc2 Rae8 15. Qd2
Bh6 16. Bxf4 Bxf4 17. Qe2 exd4 18. cxd4 d5 19. Ncd2 dxe4 20. Nxe4 Qb4 21. Bd3
f5 22. a3 Qe7 23. Ned2 Qxe2 24. Rxe2 Rxe2 25. Bxe2 Rd8 26. Rd1 Nf6 27. g3 Bh6
28. h4 f4 29. Nc4 fxg3 30. fxg3 b5 31. Nce5 Be3+ 32. Kh2 a6 33. Bf1 c5 34. Bh3
cxd4 35. Be6+ Kg7 36. Kg2 Re8 37. Bb3 Rxe5 38. Rf1 Rc5 39. Re1 Ne4 40. Re2 Nd2
0-1

[Event "Druzynowe Mistrzostwa Polski Juniorow 2018 - II Liga"]
[Site "Szczyrk"]
[Date "1899-12-30"]
[Round "7.87"]
[White "Jendrowiak, Maciej"]
[Black "Gabzdyl, Mateusz"]
[Result "1-0"]
[WhiteTitle "II"]
[BlackTitle "III"]
[WhiteElo "1252"]
[BlackElo "1083"]

1. d4 d5 2. c4 c6 3. Nc3 Nf6 4. Bf4 Qb6 5. Qd2 Bf5 6. e3 e6 7. c5 Qa5 8. Be2 Nbd7
9. a3 Qd8 10. Nf3 b6 11. b4 g6 12. Nh4 Ne4 13. Nxe4 Bxe4 14. Nf3 Nf6 15. Rc1 b5
16. O-O Bxf3 17. Bxf3 Be7 18. Qd3 O-O 19. Rfe1 Qd7 20. Rcd1 Rfe8 21. Be5 a5 22.
Ra1 a4 23. Rad1 Bd8 24. Bxf6 Bxf6 25. e4 dxe4 26. Bxe4 Rad8 27. Qf3 Rc8 28. Qxf6
Rcd8 29. Qf3 1-0

[Event "Druzynowe Mistrzostwa Polski Juniorow 2018 - II Liga"]
[Site "Szczyrk"]
[Date "1899-12-30"]
[Round "7.88"]
[White "Grzybek, Mikolaj"]
[Black "Rzepka, Marcin"]
[Result "1-0"]
[WhiteTitle "II"]
[BlackTitle "III"]
[WhiteElo "1375"]
[BlackElo "1193"]

1. e4 e5 2. Bc4 Nc6 3. Nf3 Bc5 4. d3 d6 5. h3 h6 6. Nc3 Nf6 7. Be3 Bb6 8. Qd2 O-O
9. O-O Be6 10. Bb3 Re8 11. Rfe1 Qd7 12. Bxe6 Qxe6 13. d4 exd4 14. Nxd4 Nxd4 15.
Bxd4 Bxd4 16. Qxd4 Qe5 17. Qxe5 Rxe5 18. f3 Rae8 19. Kf2 g5 20. g4 Kf8 21. a4
a6 22. b4 h5 23. Rad1 h4 24. Re3 Kg7 25. Nd5 Nxd5 26. Rxd5 Rxd5 27. exd5 Rxe3
28. Kxe3 Kg6 29. f4 c6 30. dxc6 bxc6 31. c4 f5 32. gxf5+ Kxf5 33. fxg5 Kxg5 34.
b5 cxb5 35. cxb5 axb5 36. axb5 Kf6 37. b6 Ke7 38. b7 1-0

[Event "Druzynowe Mistrzostwa Polski Juniorow 2018 - II Liga"]
[Site "Szczyrk"]
[Date "1899-12-30"]
[Round "7.89"]
[White "Kucharska, Helena"]
[Black "Kindler, Karolina"]
[Result "0-1"]
[WhiteTitle "I"]
[BlackTitle "I++"]
[WhiteElo "1322"]
[BlackElo "1784"]

1. d4 b6 2. c4 Bb7 3. Nc3 g6 4. e4 Bg7 5. Be3 e6 6. Nge2 d6 7. Ng3 Nd7 8. Be2 Ne7
9. a3 c5 10. d5 exd5 11. exd5 O-O 12. h4 f5 13. Qd2 Ne5 14. h5 Ba6 15. b3 Ng4
16. Bxg4 fxg4 17. O-O-O Rb8 18. Bh6 Rf7 19. hxg6 Nxg6 20. Bxg7 Rxg7 21. Nf5 Rd7
22. Ne4 Ne5 23. Qh6 Rbb7 24. Nf6+ Kh8 25. Nxd7 Rxd7 26. Nxd6 Qe7 27. Nf5 Qf7 28.
Qg5 b5 29. Nh6 Qg7 30. Rh5 Ng6 31. Kc2 bxc4 32. bxc4 Bxc4 33. Qxg4 Rb7 34. Qxc4
Qb2+ 35. Kd3 Rb3+ 36. Ke4 Rc3 37. Qa6 Qc2+ 38. Qd3 Rxd3 39. Rxd3 c4 40. Kf5 cxd3
41. Kf6 Qc3+ 42. Kf7 Qg7+ 43. Ke6 Nf4+ 44. Kd6 Nxh5 0-1

[Event "Druzynowe Mistrzostwa Polski Juniorow 2018 - II Liga"]
[Site "Szczyrk"]
[Date "1899-12-30"]
[Round "7.90"]
[White "Gren, Kinga"]
[Black "Cieslak, Jessica"]
[Result "0-1"]
[WhiteTitle "II+"]
[BlackTitle "I"]
[WhiteElo "1118"]
[BlackElo "1247"]

1. e4 g6 2. Nc3 Bg7 3. d4 d6 4. Nf3 a6 5. b3 b5 6. a3 e6 7. Bb2 Ne7 8. Bd3 Nd7
9. b4 Bb7 10. O-O O-O 11. Re1 Nb6 12. Ne2 f5 13. exf5 Bxf3 14. gxf3 Nxf5 15. Bxf5
exf5 16. Kh1 c5 17. bxc5 dxc5 18. c3 c4 19. Nf4 Qd7 20. Ne6 Rfe8 21. Nc5 Qc6 22.
Rxe8+ Qxe8 23. a4 Nd5 24. a5 Qc6 25. Kg2 Nf4+ 26. Kg3 g5 27. Bc1 Nh5+ 28. Kg2
h6 29. Ra2 Rd8 30. h3 Qxc5 31. Rd2 Nf4+ 32. Kf1 Qd5 33. Rc2 Nd3 34. Bd2 Re8 35.
Kg2 g4 36. hxg4 fxg4 37. Kg3 Qd6+ 38. f4 h5 39. Qh1 Qg6 40. Qd5+ Kh8 41. Be3 Rf8
42. Re2 Qf5 43. Qd6 Qf6 44. Qc7 Bh6 45. f5 Bxe3 46. fxe3 Qxf5 47. Kh4 Rg8 48.
Qe7 g3 49. Rg2 Qg4# 0-1

[Event "Druzynowe Mistrzostwa Polski Juniorow 2018 - II Liga"]
[Site "Szczyrk"]
[Date "1899-12-30"]
[Round "7.91"]
[White "Rzasa, Michal"]
[Black "Dzwierzynski, Bartosz"]
[Result "0-1"]
[WhiteTitle "III"]
[BlackTitle "I"]
[WhiteElo "1000"]
[BlackElo "1815"]

1. e4 c5 2. Nf3 d6 3. c3 Nf6 4. Qc2 g6 5. d4 cxd4 6. cxd4 Bg7 7. Nc3 O-O 8. Bc4
Nc6 9. h3 e5 10. d5 Ne7 11. Be3 Nh5 12. Bd3 f5 13. O-O f4 14. Bd2 Bd7 15. Qb3
b6 16. Rac1 Bf6 17. Nb5 Bxb5 18. Bxb5 g5 19. Rc2 Ng7 20. Rfc1 Ne8 21. Nh2 Rc8
22. Rxc8 Nxc8 23. Be2 Ng7 24. Bb4 h5 25. Rc6 a5 26. Ba3 Be7 27. Qc2 b5 28. b4
a4 29. Bc1 Bf6 30. a3 Na7 31. Rc7 Rf7 32. Rxa7 Rxa7 33. Bxb5 g4 34. hxg4 hxg4
35. Nxg4 Bh4 36. Bxa4 Nh5 37. Bc6 Rg7 38. f3 Qb6+ 39. Kh1 Ng3+ 40. Kh2 Nf1+ 41.
Kh3 Qg1 42. Nh6+ Kh7 43. Bxf4 Qh1+ 0-1

[Event "Druzynowe Mistrzostwa Polski Juniorow 2018 - II Liga"]
[Site "Szczyrk"]
[Date "1899-12-30"]
[Round "7.92"]
[White "Kiszka, Arkadiusz"]
[Black "Grubiak, Karol"]
[Result "1-0"]
[WhiteTitle "II"]
[BlackTitle "IV"]
[WhiteElo "1592"]
[BlackElo "1000"]

1. c4 e5 2. Nc3 Nf6 3. d3 Bb4 4. e4 d6 5. Nf3 Bg4 6. Be2 Nc6 7. O-O Bxc3 8. bxc3
Ne7 9. Rb1 b6 10. h3 Bxf3 11. Bxf3 h6 12. Be3 O-O 13. Be2 Ng6 14. f4 exf4 15.
Bxf4 Nxf4 16. Rxf4 Qe7 17. Qe1 Rfe8 18. Rf5 g6 19. Qg3 Kh7 20. Rf2 Nd7 21. Rbf1
Rf8 22. Bd1 Nc5 23. Bc2 Kg7 24. Re2 Rae8 25. d4 Nb7 26. e5 dxe5 27. dxe5 Qc5+
28. Ref2 Qxc4 29. Bb3 Qc5 30. Kh1 Qxe5 31. Rxf7+ Rxf7 32. Rxf7+ Kh8 33. Qxe5+
Rxe5 34. Rxc7 Nc5 35. Rxa7 Nxb3 36. axb3 Re3 37. Rc7 Kg8 38. Kg1 Re2 39. Rc6 b5
40. Rxg6+ Kh7 41. Rb6 Rc2 42. Rxb5 Rxc3 43. Kh2 Kg7 44. h4 Kf6 45. g3 h5 46. Rxh5
Rxb3 47. Rg5 Rb7 48. Kh3 Rg7 49. Rxg7 Kxg7 50. Kg4 Kg6 51. Kf4 Kf6 52. g4 1-0

[Event "Druzynowe Mistrzostwa Polski Juniorow 2018 - II Liga"]
[Site "Szczyrk"]
[Date "1899-12-30"]
[Round "7.93"]
[White "Bochenek, Ryszard"]
[Black "Tokarz, Izabela"]
[Result "1/2-1/2"]
[WhiteTitle "II"]
[BlackTitle "I"]
[WhiteElo "1296"]
[BlackElo "1411"]

1. d4 d5 2. Nf3 e6 3. g3 Nf6 4. Bg2 Be7 5. c4 O-O 6. O-O Nbd7 7. Nc3 c6 8. Re1
dxc4 9. e4 Nb6 10. Qc2 c5 11. Be3 cxd4 12. Nxd4 a6 13. Rad1 Qc7 14. f4 Bd7 15.
Kh1 Rac8 16. e5 Nfd5 17. Bg1 Nxc3 18. bxc3 Nd5 19. Bxd5 exd5 20. f5 Rfe8 21. e6
fxe6 22. fxe6 Bc6 23. Nxc6 Qxc6 24. Bd4 Bc5 25. Qf5 Bxd4 26. Rxd4 Re7 27. Re5
Rce8 28. Rf4 Qc7 29. Kg2 b5 30. h4 Qb7 31. Kh3 1/2-1/2

[Event "Druzynowe Mistrzostwa Polski Juniorow 2018 - II Liga"]
[Site "Szczyrk"]
[Date "1899-12-30"]
[Round "7.94"]
[White "Gaj, Magdalena"]
[Black "Rzasa, Mateusz"]
[Result "1-0"]
[WhiteTitle "I"]
[BlackTitle "II"]
[WhiteElo "1531"]
[BlackElo "1092"]

1. e4 e5 2. Nf3 Nc6 3. d4 exd4 4. c3 d3 5. Bxd3 Bc5 6. O-O d6 7. Bf4 Nge7 8. c4
O-O 9. h3 f5 10. Bh2 f4 11. Nc3 Ne5 12. Bc2 N7g6 13. a3 a6 14. b4 Ba7 15. Nd5
c6 16. Nc3 Be6 17. Bb3 c5 18. Nd5 Qd7 19. Ng5 Rac8 20. Qd2 Bxd5 21. Qxd5+ Kh8
22. Rad1 Rf6 23. h4 h6 24. h5 Ne7 25. Qxe5 hxg5 26. Qxg5 f3 27. e5 Rf5 28. Qg4
Qe6 29. exd6 Nc6 30. Rfe1 Qf6 31. d7 Rd8 32. Bc7 Rg5 33. Re8+ Kh7 34. Qe4+ Rf5
35. Bxd8 Nxd8 36. Rxd8 Qg5 37. Rh8+ Kxh8 38. Qd8+ Qxd8 39. Rxd8+ Kh7 40. Qxf5+
g6 41. Qxg6# 1-0

[Event "Druzynowe Mistrzostwa Polski Juniorow 2018 - II Liga"]
[Site "Szczyrk"]
[Date "1899-12-30"]
[Round "7.95"]
[White "Trusz, Julia"]
[Black "Trybowska, Barbara"]
[Result "1/2-1/2"]
[WhiteTitle "I+"]
[BlackTitle "I++"]
[WhiteElo "1699"]
[BlackElo "1755"]

1. e4 c5 2. Nf3 Nc6 3. d4 cxd4 4. Nxd4 e5 5. Nb5 d6 6. N1c3 a6 7. Na3 b5 8. Nd5
Nf6 9. Bg5 Be7 10. Bxf6 Bxf6 11. c3 O-O 12. Nc2 Bg5 13. h4 Be7 14. Nce3 Be6 15.
Bd3 Qb8 16. Rb1 Bd8 17. Qf3 Qb7 18. Nf5 Qd7 19. g4 Ne7 20. Nfxe7+ Bxe7 21. Nb6
Qb7 22. Nxa8 Bxa2 23. Ra1 Be6 24. Qg3 Rxa8 25. O-O f6 26. Rfd1 Qd7 27. Be2 Qc6
28. Qd3 Qc8 29. Qf3 Qc6 30. Qd3 Qc8 1/2-1/2

[Event "Druzynowe Mistrzostwa Polski Juniorow 2018 - II Liga"]
[Site "Szczyrk"]
[Date "1899-12-30"]
[Round "7.96"]
[White "Wojtowicz, Gabriela"]
[Black "Pietrzak, Emilia"]
[Result "1/2-1/2"]
[WhiteTitle "II"]
[BlackTitle "II"]
[WhiteElo "1000"]
[BlackElo "1210"]

1. d4 Nf6 2. e3 g6 3. f4 Bg7 4. c3 O-O 5. Nf3 d6 6. Bd3 b6 7. O-O Bb7 8. Bd2 Nbd7
9. Be1 c5 10. Nbd2 Nd5 11. Qe2 e5 12. f5 N5f6 13. fxg6 e4 14. gxh7+ Kh8 15. Bc2
exf3 16. Nxf3 Be4 17. Bh4 Bxh7 18. Bxh7 Kxh7 19. Ng5+ Kg8 20. Ne4 d5 21. Nxf6+
Bxf6 22. Qg4+ Kh7 23. Qf5+ Kg7 24. Qg4+ Kh6 25. Bxf6 Nxf6 26. Qf4+ Kg6 27. Qg3+
Kh7 28. Qh4+ Kg6 29. Qg3+ Kh7 30. Qh4+ Kg6 31. Qg3+ 1/2-1/2

[Event "Druzynowe Mistrzostwa Polski Juniorow 2018 - II Liga"]
[Site "Szczyrk"]
[Date "1899-12-30"]
[Round "7.97"]
[White "Niemier, Hubert"]
[Black "Gazda, Dominik"]
[Result "1-0"]
[WhiteTitle "I"]
[BlackTitle "I"]
[WhiteElo "1748"]
[BlackElo "1567"]

1. d4 Nf6 2. c4 g6 3. Nc3 Bg7 4. e4 d6 5. Bd3 O-O 6. Nge2 e5 7. d5 a5 8. O-O Na6
9. a3 Bd7 10. Rb1 Nc5 11. Bc2 b6 12. h3 Nh5 13. Be3 f5 14. exf5 Bxf5 15. Bxf5
gxf5 16. f4 e4 17. Nc1 Qe8 18. Nb5 Qf7 19. b4 axb4 20. axb4 Nb7 21. Qb3 Kh8 22.
Ne2 Rg8 23. Ned4 Bf6 24. Rf2 Bh4 25. Rc2 Rg3 26. Ne2 Rg6 27. Bd4+ Nf6 28. Kh2
Rag8 29. Rg1 Bg3+ 30. Nxg3 Rxg3 31. Qb2 R3g6 32. Nxc7 Rh6 33. Ne6 Qg6 34. Ng5
Re8 35. Bxf6+ Qxf6 36. Nf7+ 1-0

[Event "Druzynowe Mistrzostwa Polski Juniorow 2018 - II Liga"]
[Site "Szczyrk"]
[Date "1899-12-30"]
[Round "7.98"]
[White "Chodorowski, Adrian"]
[Black "Tadych, Szymon"]
[Result "1-0"]
[WhiteTitle "II"]
[BlackTitle "II"]
[WhiteElo "1287"]
[BlackElo "1495"]

1. e4 e6 2. d4 d5 3. exd5 exd5 4. Be3 Bd6 5. Nc3 Ne7 6. Bd3 Be6 7. Nge2 Nd7 8.
Nf4 Bxf4 9. Bxf4 c6 10. O-O Qb6 11. Ne2 h6 12. Rb1 g5 13. Be3 f5 14. f4 g4 15.
Bf2 O-O-O 16. c4 h5 17. c5 Qc7 18. g3 h4 19. gxh4 Nf6 20. b4 Ne4 21. Bg3 Ng6 22.
b5 Nxh4 23. bxc6 Qxc6 24. Bb5 Qc7 25. Qa4 Nd2 26. Qxa7 Nxb1 27. Rxb1 Nf3+ 28.
Kg2 Bd7 29. c6 Bxc6 30. Bxc6 bxc6 31. Qa6+ Kd7 32. Rb7 Rde8 33. Rxc7+ Kxc7 34.
Qa7+ Kd6 35. Qc5+ Kd7 36. Qa7+ Kd6 37. Nc1 Re7 38. Qc5+ Kd7 39. Nd3 Re2+ 40. Kf1
Re6 41. Ne5+ Nxe5 42. dxe5 Rc8 43. Be1 Rc7 44. a4 Re8 45. Ba5 Rb7 46. Qd6+ Kc8
1-0

[Event "Druzynowe Mistrzostwa Polski Juniorow 2018 - II Liga"]
[Site "Szczyrk"]
[Date "1899-12-30"]
[Round "7.99"]
[White "Skrzypinski, Jan"]
[Black "Kucza, Kamil"]
[Result "1-0"]
[WhiteTitle "II"]
[BlackTitle "II"]
[WhiteElo "1406"]
[BlackElo "1000"]

1. e4 g6 2. d4 Bg7 3. c4 d6 4. Nc3 c6 5. Be3 e6 6. Be2 d5 7. cxd5 cxd5 8. exd5
exd5 9. Nf3 Nf6 10. O-O O-O 11. Qb3 Re8 12. Rfe1 Bf5 13. Bg5 Nc6 14. Qxb7 Qb6
15. Qxb6 axb6 16. Bxf6 Bxf6 17. Nxd5 Bd8 18. Bb5 Rxe1+ 19. Rxe1 Na5 20. b4 Nb7
21. Bc6 Rb8 22. Bxb7 1-0

[Event "Druzynowe Mistrzostwa Polski Juniorow 2018 - II Liga"]
[Site "Szczyrk"]
[Date "1899-12-30"]
[Round "7.100"]
[White "Guzik, Michal"]
[Black "Tadych, Olgierd"]
[Result "0-1"]
[WhiteTitle "II"]
[BlackTitle "II"]
[WhiteElo "1188"]
[BlackElo "1235"]

1. e4 c5 2. Nf3 a6 3. d4 cxd4 4. Nxd4 e6 5. Nc3 b5 6. a3 Bb7 7. Be3 d6 8. Be2 Nf6
9. f3 Be7 10. O-O O-O 11. Qe1 Nbd7 12. Rd1 Rc8 13. Qg3 Kh8 14. Bd3 Qc7 15. f4
Rfe8 16. Rf3 Nc5 17. Rc1 Ncxe4 18. Nxe4 Nxe4 19. Qh3 g6 20. Qh6 Bf8 21. Qh4 Qe7
22. Qh3 Bg7 23. Rff1 Rc7 24. Bxe4 Bxe4 25. c3 Rec8 26. Nf3 Bxf3 27. Qxf3 d5 28.
Qd1 Kg8 29. Bd4 Bxd4+ 30. Qxd4 Qc5 31. Qxc5 Rxc5 32. Rfd1 Kf8 33. Kf2 Ke7 34.
Ke3 h5 35. g3 Rc4 36. Rd4 Rxd4 37. Kxd4 Rc4+ 38. Kd3 Re4 39. h3 Kd6 40. b4 f6
41. Ra1 Kc6 42. a4 bxa4 43. Rxa4 Kb6 44. Ra5 Re1 45. Rc5 Kb7 46. b5 axb5 47. Rxb5+
Kc7 48. Ra5 Rg1 49. Ra7+ Kd8 50. Ra8+ Ke7 51. Ra7+ Kf8 52. Ra6 Rxg3+ 53. Kd4 Rxh3
54. Rxe6 Kf7 55. Rd6 Rf3 0-1

[Event "Druzynowe Mistrzostwa Polski Juniorow 2018 - II Liga"]
[Site "Szczyrk"]
[Date "1899-12-30"]
[Round "7.101"]
[White "Niemier, Martyna"]
[Black "Uliasz, Katarzyna"]
[Result "0-1"]
[WhiteTitle "II"]
[BlackTitle "I"]
[WhiteElo "1144"]
[BlackElo "1236"]

1. d4 d5 2. c4 dxc4 3. Nc3 Nf6 4. Nf3 a6 5. a4 Bg4 6. e3 e6 7. Bxc4 c5 8. O-O Nc6
9. dxc5 Bxc5 10. Be2 O-O 11. b3 Qb6 12. Nd2 Bf5 13. Nc4 Qc7 14. Ba3 Bxa3 15. Rxa3
Rfd8 16. Qc1 Rac8 17. Rd1 Na5 18. Rxd8+ Qxd8 19. h3 Nxc4 20. Bxc4 h6 21. Ra2 Qa5
22. Rd2 b5 23. axb5 axb5 24. Ra2 Qb4 25. g4 Bg6 26. Nxb5 Qxb5 27. Rc2 Qb8 28.
Bd3 Rxc2 29. Qxc2 Bxd3 30. Qxd3 Qb4 31. Qd8+ Kh7 32. Qd3+ Qe4 33. Qxe4+ Nxe4 34.
b4 Nd6 35. Kg2 Kg6 36. Kg3 Kf6 37. h4 Ke5 38. Kf3 g6 39. h5 g5 40. Ke2 0-1

[Event "Druzynowe Mistrzostwa Polski Juniorow 2018 - II Liga"]
[Site "Szczyrk"]
[Date "1899-12-30"]
[Round "7.102"]
[White "Mansz, Martyna"]
[Black "Gac-mytych, Sara"]
[Result "1-0"]
[WhiteTitle "III"]
[BlackTitle "III"]
[WhiteElo "1063"]
[BlackElo "1000"]

1. e4 e5 2. Nf3 Nf6 3. Nxe5 d6 4. Nf3 Nxe4 5. Qe2 Qe7 6. d3 Nf6 7. Be3 Nc6 8. Nc3
Bg4 9. h3 Bh5 10. g4 Bg6 11. g5 Nh5 12. Nd5 Qd7 13. Bd4+ Be7 14. Bxg7 Rg8 15.
Bc3 O-O-O 16. O-O-O Rge8 17. Ne3 Nf4 18. Qd2 Bh5 19. Ng4 Bxg4 20. Qxf4 Bxf3 21.
Qxf3 Bxg5+ 22. Kb1 Ne5 23. Bxe5 Rxe5 24. h4 Bh6 25. Bg2 c6 26. d4 Rf5 27. Qxf5
Qxf5 28. Bh3 Qxh3 29. Rxh3 Re8 30. a3 b5 31. d5 c5 32. Rf3 Re7 33. Rf6 Bg7 34.
Rxd6 Kc7 35. Rc6+ Kb7 36. Rxc5 Kb6 37. b4 Re4 38. c3 Rxh4 39. d6 a5 40. d7 Bf6
41. Rd6+ Kb7 42. Rxf6 Rh1+ 43. Kc2 axb4 44. Qd8 bxa3 45. Qb6+ Ka8 46. Rc8# 1-0

[Event "Druzynowe Mistrzostwa Polski Juniorow 2018 - II Liga"]
[Site "Szczyrk"]
[Date "1899-12-30"]
[Round "7.103"]
[White "Slomczewski, Michal"]
[Black "Szczepanski, Grzegorz"]
[Result "1-0"]
[WhiteTitle "I+"]
[BlackTitle "III"]
[WhiteElo "2068"]
[BlackElo "1184"]

1. c4 Nf6 2. Nc3 e5 3. Nf3 Nc6 4. e3 d6 5. d4 exd4 6. Nxd4 Nxd4 7. Qxd4 Bd7 8.
e4 Bc6 9. Be2 Qe7 10. f3 g6 11. Bg5 Bg7 12. Qe3 h6 13. Bh4 g5 14. Bf2 O-O 15.
O-O-O Nd7 16. Qd2 a5 17. h4 f6 18. Bd3 Ne5 19. Ne2 a4 20. a3 Qf7 21. Qc2 Rfb8
22. Nd4 Bd7 23. Kb1 Qe8 24. Nf5 b5 25. hxg5 hxg5 26. Nxg7 Kxg7 27. cxb5 Bxb5 28.
Bxb5 Qxb5 29. Qxc7+ Nd7 30. Bd4 Ra6 31. Bc3 Kg6 32. Rxd6 Rxd6 33. Qxd6 Rb7 34.
Qe6 Rb8 35. Qe7 Rh8 36. Rxh8 Qf1+ 37. Ka2 Qc4+ 38. Ka1 Qf1+ 39. Be1 Qxe1+ 40.
Ka2 Qh4 41. Qe8+ 1-0